Quizzes
Events
Quiz Creation
Community
Videos
Private Events
Remove Ads
Sign In
Join for FREE
Feedback
Dark Mode
Quiz Categories
Sports
Geography
Music
Movies
Television
Just For Fun
Miscellaneous
History
Literature
Language
Science
Gaming
Entertainment
Religion
Holiday
For Kids
Quiz Lab
Recent
Popular Today
Quiz Kudos Today
Editor Picks
Curator Picks
Quizzes by...
Day
Popularity
Type
Ratings
Length
Year
Community
Subscriptions
Recent Discussions
Orange Saloon
Badges
Playlists
Quests
Create
Leaderboards
Showdown
Live 5
Trivia Bingo
Activity
Puzzle Library
Sporcle Events
Private Events
Virtual Trivia
Globe League
Become a Host
Pub Owners
SporcleCon
Opinionation
Our Games
Videos
Blog
Mobile Apps
Partnerships
Remove Ads and Go Orange
Feedback
Music
Pop Music
The Beatles
Song
Album
Lyrics
Bands
Singers
Artist
Clip
Rock
Rap
Classical
Billboard
Country Music
Kpop
Taylor Swift
Music
Pop Music
The Beatles
Song
Album
Lyrics
Bands
Singers
Artist
Clip
Rock
Rap
Classical
Billboard
Country Music
Kpop
Taylor Swift
Random Quiz
Search Sporcle
×
Quiz Lab
Quiz Lab
Music
Rap
Type in answers that appear in a list
Type in answers that appear in a list
Classic
Best Score? Go Orange.
Hip-Hop Songs and Samples, Part 2: The Next Episode Stats
Can you name the hip-hop artist AND the artist that he/she samples?
By
kokoseattle
11m
38 Questions
157 Plays
157 Plays
157 Plays
Comments
Comments
Give Quiz Kudos
Give Quiz Kudos
-
- Ratings
hide this ad
Replay
Link that replays current quiz
Next Quiz
Link to next quiz in quiz playlist
You Got
0%
They Got
Avg Score
32%
Avg Friend Score
Upgrade to see
Score Distribution
Jump to the score distribution portion of the page
Score
0/38
Timer
11:00
0
Plays Today
Sample
Artist
% Correct
0:20-
0:27
Tupac Shakur (California Love feat. Dr. Dre and Roger Troutman)
93%
1:54-
2:03
Snoop Dogg (The Shiznit)
75.8%
2:12-
2:24
Kanye West (Through the Wire)
74.5%
4:09-
4:17
Run D.M.C. (It's Tricky)
73.9%
0:00-
0:07
A Tribe Called Quest (Can I Kick It?)
67.5%
0:36-
0:46
Biz Markie (Just a Friend)
64.3%
3:08-
3:18
T.I. (What You Know)
59.9%
1:34-
1:43
Lupe Fiasco (The Show Goes On)
52.2%
0:59-
1:05
Salt-N-Pepa (Let's Talk About Sex)
47.1%
0:08-
0:19
Lou Reed (Walk On the Wild Side)
43.3%
2:35-
2:42
Slick Rick (Mona Lisa)
43.3%
1:44-
1:53
Modest Mouse (Float On)
42.7%
2:49-
2:58
Sugarhill Gang (Apache)
41.4%
4:42-
4:49
DJ Jazzy Jeff and the Fresh Prince (Summertime)
41.4%
3:48-
4:00
Rob Base & DJ EZ Rock (It Takes Two)
38.2%
4:18-
4:23
The Knack (My Sharona)
37.6%
2:25-
2:34
Chaka Khan (Through the Fire)
35.7%
5:15-
5:22
Young MC (Bust a Move)
34.4%
5:31-
5:40
Eric B. & Rakim (I Know You Got Soul)
31.2%
Sample
Artist
% Correct
3:29-
3:37
Digable Planets (Rebirth of Slick)
26.1%
1:28-
1:33
Tom Tom Club (Genius of Love)
24.8%
4:24-
4:33
Afrika Bambaataa (Planet Rock)
24.8%
1:15-
1:26
Grandmaster Flash and the Furious Five (It's Nasty [Genius of Love])
21%
2:04-
2:11
Billy Joel (The Stranger)
19.7%
4:50-
4:56
Kool and the Gang (Summer Madness)
19.7%
2:43-
2:48
Nat King Cole (Mona Lisa)
16.6%
0:28-
0:35
Joe Cocker (Woman to Woman)
14.6%
4:57-
5:05
N.W.A. (Get Loose Now)
14.6%
4:34-
4:41
Kraftwerk (Trans-Europe Express)
14%
2:59-
3:07
Incredible Bongo Band (Apache)
10.8%
1:06-
1:14
Staple Singers (I'll Take You There)
9.6%
4:01-
4:08
Lyn Collins (Think [About It])
8.3%
0:47-
0:58
Freddie Scott (You Got What I Need)
5.7%
3:19-
3:28
Roberta Flack (Gone Away)
5.1%
3:38-
3:47
Art Blakey & the Jazz Messengers (Stretching)
5.1%
5:06-
5:14
Jimmy Castor Bunch (It's Just Begun)
3.8%
5:41-
5:49
Bobby Byrd (I Know You Got Soul)
3.2%
5:23-
5:30
Dennis Coffey (Scorpio)
2.5%
Quiz Playlist
Details
Report
Send in Message
Add To Playlist
Classic:
Type in answers that appear in a list
Quiz Source
Last Updated: Feb 16, 2017
Quiz Scoreboard
CHALLENGE
Sign Up to Join the Scoreboard
Show All
Scores
Hide
Comments
May contain spoilers
Recently Published
College Basketball Coaching Resumes
by pancakes188
Sports
9m
Billboard Blitz: Fleetwood Mac
by CooCooCachoo
Music
15s
Presidents Visiting Landmarks
by Hejman
History
7m
More to Explore
Quiz From the Vault
Featured Blog Post
Where Did the Easter Bunny Come From?
hide this ad
You Might Also Like...
Tags
Rap Quiz
Hip-Hop
Rap Artists
sample
Today's Top Quizzes in Music
Browse Music
hide this ad
Today's Top Quizzes in Rap
Browse Rap
Top Contributed Quizzes in Music
1
Taylor Swift All Songs (2024)
2
Guess the Artist- 70s Songs
3
7-to-1: Billboard Hot 100 #1 Hits of 2010s
4
Sorting Albums and Songs
5
Taylor Swift Logic Puzzle
6
KPOP LOGIC QUIZ
7
One Thing in Common: Music
8
Guess the Taylor Swift song (Mystery Song)
9
2010s Album by Cover III
10
Guess The Taylor Swift Lyrics Song #1
Explore More
Trending Topics
Kpop
NBA
Disney
Marvel
Crossword
Harry Potter
Anime
WWE
Song
Pokémon
NFL
Puzzle
Soccer
The Office
Country
hide this ad
More By:
kokoseattle
Quiz
Plays
Rating
Category
Featured
Created
Working Titles of Great Books
20,675
4.16
Literature
Apr 9, 2011
Superhero Music
2,342
3.86
Entertainment
May 11, 2011
Archer Trivia for People Who Don't Watch Archer
1,709
4.60
Television
Aug 27, 2011
Hip-Hop Songs and Samples
1,298
4.54
Music
Apr 24, 2011
Top 50 Jazz Standards
920
4.33
Music
Sep 25, 2011
Go to Creator's Profile
Score Distribution
Quiz Creator Spotlight
kokoseattle
Follow
Send a Message
Quizzes Created
-
Created Quiz Play Count
-
More By This Creator
Popular Quizzes Today
1
Find the US States - No Outlines Minefield
2
Find the Countries of Europe - No Outlines Minefield
3
The Countries of the World
4
Find the US States
5
Risky Map Clicking: Biggest States A-Z
6
US States
7
Popular People in 1961
8
Movies - When Are They Set?
More Music Quizzes
Ultimate Beatles Quiz
Published
Trending Quizzes
Risky Map Clicking: Least Populous States A-Z
1-10 Letter G Words
1-10 Letter F Words
Risky Map Clicking: Next State Alphabetically
Click the Washington State Counties! (Map)
Recently Updated
Leaping Animals
pecheneg
Reality TV Shows (A-Z)
bhenderson79
Rickey Henderson's Hall of Fame Teammates
pecheneg
Champions League XIs: Arsenal
pecheneg
Quick Pick: Celebrities in WWE's Hall of Fame
aduchscher
A-Z Keypad Blitz II
pecheneg
Multiple Oscar Actors
pecheneg
Mystery Phrase Blitz: Oscar 'Best Actors'
pecheneg
F. Scott Fitzgerald Novels
LTH
Pick 3 Villains
ddd62291
Trending Topics
Crossword
Kpop
Disney
Anime
Harry Potter
NBA
Marvel
Country
NFL
Song
Soccer
Pokémon
The Office
WWE
Puzzle
Your Account Isn't Verified!
In order to create a playlist on Sporcle, you need to verify the email address you used during registration. Go to your
Sporcle Settings
to finish the process.
Report this User
Report this user for behavior that violates our
Community Guidelines
.
Details:
Send Report
Go to the Sporcle.com Mobile Site →
Comments